<?xml version="1.0" encoding="UTF-8"?>
<record
    xmlns:xsi="http://www.w3.org/2001/XMLSchema-instance"
    xsi:schemaLocation="http://www.loc.gov/MARC21/slim http://www.loc.gov/standards/marcxml/schema/MARC21slim.xsd"
    xmlns="http://www.loc.gov/MARC21/slim">

  <leader>01250cam a2200301 a 4500</leader>
  <controlfield tag="001">000012085</controlfield>
  <controlfield tag="005">20200929162704.0</controlfield>
  <controlfield tag="008">970514s1996    ck abd        000 0 spa  </controlfield>
  <datafield tag="010" ind1=" " ind2=" ">
    <subfield code="a">97151238</subfield>
  </datafield>
  <datafield tag="020" ind1=" " ind2=" ">
    <subfield code="a">9586122476</subfield>
  </datafield>
  <datafield tag="040" ind1=" " ind2=" ">
    <subfield code="a">DO-SdBNP</subfield>
    <subfield code="c">DLC</subfield>
  </datafield>
  <datafield tag="050" ind1="0" ind2="0">
    <subfield code="a">F2520.1.T925</subfield>
    <subfield code="b">N84 1996</subfield>
  </datafield>
  <datafield tag="082" ind1=" " ind2=" ">
    <subfield code="a">nnn</subfield>
    <subfield code="b">N964</subfield>
  </datafield>
  <datafield tag="245" ind1="0" ind2="0">
    <subfield code="a">Nuestras caras de fiesta =</subfield>
    <subfield code="b">Toru umatuchamwtu yuuegugu /</subfield>
    <subfield code="c">compilado por Hugo Armando Camacho Gonz&#xE1;lez ; transcripci&#xF3;n en tikuna de Federico Jos&#xE9; Huaines, Arara ; auxiliar de investigaci&#xF3;n, Sergio Ramos del &#xC1;guila, Nazareth.</subfield>
  </datafield>
  <datafield tag="246" ind1="3" ind2="1">
    <subfield code="a">Toru umatuchamwtu yuuegugu</subfield>
  </datafield>
  <datafield tag="260" ind1=" " ind2=" ">
    <subfield code="a">Santaf&#xE9; de Bogot&#xE1; :</subfield>
    <subfield code="b">Asociaci&#xF3;n Eware :</subfield>
    <subfield code="b">Colcultura,</subfield>
    <subfield code="c">1996.</subfield>
  </datafield>
  <datafield tag="300" ind1=" " ind2=" ">
    <subfield code="a">xxxii, 201 p. :</subfield>
    <subfield code="b">il., tablas, mapas ;</subfield>
    <subfield code="c">21 cm.</subfield>
  </datafield>
  <datafield tag="440" ind1=" " ind2="0">
    <subfield code="a">Premios nacionales de cultura, 1995</subfield>
    <subfield code="9">28540</subfield>
  </datafield>
  <datafield tag="504" ind1=" " ind2=" ">
    <subfield code="a">Incluye referencia al pie de p&#xE1;ginas</subfield>
  </datafield>
  <datafield tag="546" ind1=" " ind2=" ">
    <subfield code="a">Espa&#xF1;ol y Tucuna</subfield>
  </datafield>
  <datafield tag="650" ind1=" " ind2="0">
    <subfield code="a">Tucuna indians</subfield>
    <subfield code="x">Social life and customs.</subfield>
    <subfield code="9">28541</subfield>
  </datafield>
  <datafield tag="650" ind1=" " ind2="0">
    <subfield code="a">Tucuna indians</subfield>
    <subfield code="x">Music.</subfield>
    <subfield code="9">28542</subfield>
  </datafield>
  <datafield tag="650" ind1=" " ind2="0">
    <subfield code="a">Tucuna indians</subfield>
    <subfield code="x">Folklore.</subfield>
    <subfield code="9">28511</subfield>
  </datafield>
  <datafield tag="650" ind1=" " ind2="0">
    <subfield code="a">Tucuna language</subfield>
    <subfield code="x">Texts.</subfield>
    <subfield code="9">28512</subfield>
  </datafield>
  <datafield tag="700" ind1="2" ind2=" ">
    <subfield code="a">Camacho Gonz&#xE1;lez, Hugo Armando,</subfield>
    <subfield code="d">1965-</subfield>
    <subfield code="e">comp.</subfield>
    <subfield code="9">28543</subfield>
  </datafield>
  <datafield tag="700" ind1="1" ind2=" ">
    <subfield code="a">Huaines, Federico Jos&#xE9;</subfield>
    <subfield code="9">28517</subfield>
  </datafield>
  <datafield tag="910" ind1=" " ind2=" ">
    <subfield code="a">Catalogaci&#xF3;n por copia / LC</subfield>
  </datafield>
  <datafield tag="952" ind1=" " ind2=" ">
    <subfield code="0">0</subfield>
    <subfield code="1">0</subfield>
    <subfield code="5">2</subfield>
    <subfield code="7">0</subfield>
    <subfield code="8">MO</subfield>
    <subfield code="a">GR</subfield>
    <subfield code="b">GR</subfield>
    <subfield code="c">CT</subfield>
    <subfield code="d">2009-11-04</subfield>
    <subfield code="i">LF1</subfield>
    <subfield code="l">0</subfield>
    <subfield code="o">nnn N964</subfield>
    <subfield code="p">12085-10</subfield>
    <subfield code="r">2020-06-25</subfield>
    <subfield code="w">2020-06-25</subfield>
    <subfield code="y">2</subfield>
    <subfield code="Z">Pr&#xE9;stamo interno</subfield>
  </datafield>
  <datafield tag="999" ind1=" " ind2=" ">
    <subfield code="c">11751</subfield>
    <subfield code="d">11751</subfield>
  </datafield>
</record>
